[Event "IND-ch Women 2019"]
[Site "Karaikkudi"]
[Date "2019.07.26"]
[Round "10.1"]
[White "Priyanka, Kumari"]
[Black "Kulkarni Bhakti"]
[Result "0-1"]
[WhiteElo "1991"]
[BlackElo "2388"]
[Annotator "RC"]
[PlyCount "138"]
[EventDate "2019.07.19"]
[EventType "swiss"]
[EventCountry "IND"]
[SourceTitle "playchess.com"]
[Source "ChessBase"]
[SourceQuality "1"]
[TimeControl "40/5400+30:1800+30"]

1. e4 {[%emt 0:00:00]} e5 {[%emt 0:00:53]} 2. Nf3 {[%emt 0:00:18]} Nc6 {[%emt 0:00:16]} 3. Bb5 {[%emt 0:00:32]} g6 {[%emt 0:00:09]} 4. c3 {[%emt 0:02:56]} a6 {[%emt 0:00:17]} 5. Ba4 {[%emt 0:02:26]} Bg7 {[%emt 0:00:12]} 6. d4 {[%emt 0:03:06]} exd4 {[%emt 0:04:49]} 7. cxd4 {[%emt 0:00:44]} b5 {[%emt 0:00:17]} 8. Bb3 {[%emt 0:03:03]} d6 {[%emt 0:00:24]} 9. h3 {[%emt 0:08:12]} Nge7 {[%emt 0:09:17]} 10. Nc3 {[%emt 0:06:03]} Na5 {[%emt 0:02:08]} 11. Bc2 {[%emt 0:04:51]} O-O {[%emt 0:01:45]} 12. O-O {[%emt 0:02:51]} h6 {[%emt 0:08:09]} 13. d5 {[%emt 0:10:16]} Bb7 {[%emt 0:07:52]} 14. Be3 {[%emt 0:15:06]} Nc4 {[%emt 0:03:35]} 15. Qc1 {[%emt 0:01:44]} Nxe3 {[%emt 0:02:45]} 16. Qxe3 {[%emt 0:00:34]} b4 {[%emt 0:07:33]} 17. Ne2 {[%emt 0:05:05]} c6 {[%emt 0:00:57]} 18. dxc6 {[%emt 0:02:58]} Nxc6 {[%emt 0:00:45]} 19. Rad1 {[%emt 0:03:17]} Rc8 {[%emt 0:09:17]} 20. Bb1 {[%emt 0:05:12]} Re8 {[%emt 0:03:37]} 21. Qd2 {[%emt 0:02:47]} a5 {[%emt 0:10:06]} 22. Nf4 {[%emt 0:05:33]} Qf6 {[%emt 0:06:29]} 23. b3 {[%emt 0:01:32]} Ne5 {[%emt 0:01:42]} 24. Nxe5 {[%emt 0:05:01]} Rxe5 {[%emt 0:00:23]} 25. Rfe1 {[%emt 0:01:38]} Rce8 {[%emt 0:01:45]} 26. Nd5 {[%emt 0:03:19]} Bxd5 {[%emt 0:00:28]} 27. exd5 {[%emt 0:00:06]} Qg5 {[%emt 0:01:09]} 28. Rxe5 {[%emt 0:00:44]} Qxe5 {[%emt 0:00:02]} 29. Qd3 {[%emt 0:02:26]} Qh5 {[%emt 0:01:08]} 30. g4 {[%emt 0:01:26]} Qg5 {[%emt 0:02:32]} 31. Qf3 {[%emt 0:00:48]} h5 {[%emt 0:01:05]} 32. Kf1 {[%emt 0:00:19]} h4 {[%emt 0:00:32]} 33. Bd3 {[%emt 0:00:32]} Bc3 {[%emt 0:00:25]} 34. Bc4 {[%emt 0:00:42]} Bb2 {[%emt 0:04:13]} 35. Kg2 {[%emt 0:00:48]} Qe5 {[%emt 0:00:36]} 36. Kf1 {[%emt 0:00:24]} Kf8 {[%emt 0:00:48]} 37. Kg2 {[%emt 0:00:09]} Bd4 {[%emt 0:01:22]} 38. Bd3 {[%emt 0:00:25]} Kg7 {[%emt 0:00:36]} 39. Bc4 {[%emt 0:00:11]} Bc5 {[%emt 0:00:48]} 40. Bb5 {[%emt 0:00:00]} Re7 {[%emt 0:00:00]} 41. Qd3 {[%emt 0:06:10]} g5 {[%emt 0:12:17]} 42. Rd2 {[%emt 0:05:26]} Qe1 {[%emt 0:01:54]} 43. Re2 {[%emt 0:00:57]} Rxe2 {[%emt 0:00:41]} 44. Qxe2 {[%emt 0:00:04]} Qxe2 {[%emt 0:00:24]} 45. Bxe2 {[%emt 0:00:05]} Kf6 {[%emt 0:00:06]} 46. Kf3 {[%emt 0:08:48]} Ke5 {[%emt 0:00:05]} 47. Bc4 {[%emt 0:00:23]} Kd4 {[%emt 0:00:54]} 48. Ke2 {[%emt 0:00:25]} Kc3 {[%emt 0:02:59]} 49. Bb5 {[%emt 0:03:07]} Kb2 {[%emt 0:02:05]} 50. Kd2 {[%emt 0:10:20]} Bxf2 {[%emt 0:00:12]} 51. Be2 {[%emt 0:00:50]} Bg3 {[%emt 0:00:54]} 52. Kd3 {[%emt 0:00:47]} Be5 {[%emt 0:04:38]} 53. Kd2 {[%emt 0:00:13]} Bf4+ {[%emt 0:00:38]} 54. Kd3 {[%emt 0:00:08]} Kxa2 {[%emt 0:01:00]} 55. Kc2 {[%emt 0:00:08]} a4 {[%emt 0:00:16]} 56. Bc4 {[%emt 0:00:18]} axb3+ {[%emt 0:00:11]} 57. Bxb3+ {[%emt 0:00:05]} Ka3 {[%emt 0:00:08]} 58. Bc4 {[%emt 0:00:10]} Be5 {[%emt 0:00:34]} 59. Kb1 {[%emt 0:02:13]} b3 {[%emt 0:00:12]} 60. Be2 {[%emt 0:00:44]} Kb4 {[%emt 0:00:04]} 61. Bf3 {[%emt 0:00:14]} Kc3 {[%emt 0:00:14]} 62. Bg2 {[%emt 0:00:14]} Kd3 {[%emt 0:00:10]} 63. Bf1+ {[%emt 0:00:18]} Ke3 {[%emt 0:00:04]} 64. Bc4 {[%emt 0:00:41]} b2 {[%emt 0:00:17]} 65. Kc2 {[%emt 0:00:39]} Kf2 {[%emt 0:00:04]} 66. Bd3 {[%emt 0:00:13]} Kg2 {[%emt 0:00:06]} 67. Kd2 {[%emt 0:00:15]} Kxh3 {[%emt 0:00:08]} 68. Bf5 {[%emt 0:00:03]} Kg2 {[%emt 0:00:23]} 69. Be4+ {[%emt 0:00:06]} Kg1 {[%emt 0:00:09]} 0-1

[Event "IND-ch Women 2019"]
[Site "Karaikkudi"]
[Date "2019.07.26"]
[Round "10.2"]
[White "Vantika Agrawal"]
[Black "Gomes, Mary Ann"]
[Result "1-0"]
[WhiteElo "2243"]
[BlackElo "2303"]
[Annotator "TA"]
[PlyCount "73"]
[EventDate "2019.07.19"]
[EventType "swiss"]
[EventCountry "IND"]
[SourceTitle "playchess.com"]
[Source "ChessBase"]
[SourceQuality "1"]

{[%evp 9,85,39,41,17,24,11,18,17,25,30,25,21,34,28,30,43,94,89,104,102,98,92,101,93,87,87,91,72,120,125,125,121,119,114,109,113,112,115,150,122,206,200,271,267,260,118,114,124,191,149,182,134,242,243,372,287,570,567,565,556,532,529,1590,942,1121,947,941,938,931,931,931,931,907,900,821,798,578,545]} 1. d4 e6 2. c4 Nf6 3. g3 c5 4. d5 exd5 5. cxd5 b5 6. Nf3 $146 {A60: Modern Benoni: Early Divergences} ({Predecessor:} 6. e4 Nxe4 7. Bg2 Nd6 8. Bf4 Be7 9. Nf3 O-O 10. O-O Bb7 {1-0 (43) Vidit,S (2721)-Liu,G (2458) China 2017}) 6... Bb7 7. e4 Nxe4 8. Bg2 {The position is equal.} Be7 9. O-O O-O 10. Re1 Nd6 11. Bf4 Na6 12. Nc3 b4 ({Better is} 12... Re8 $14) 13. Bxd6 $1 $16 Bxd6 14. Ne4 Be7 15. d6 $1 {[%cal Rd6e7]} Bf6 16. Nxf6+ Qxf6 17. Ne5 Bxg2 18. Kxg2 Rfe8 19. Qd5 $1 $36 {[%mdl 2048] Keeping Black busy.} ({Reject} 19. Nxd7 $6 Qf5 $11) 19... Qe6 20. Qd3 c4 21. Nxc4 Nc5 22. Rxe6 Nxd3 23. Re7 Nc5 24. Rae1 Kf8 (24... Red8 $16) 25. R1e5 $1 $18 Nd3 26. Rd5 Rac8 27. b3 (27. Rxd3 $18 {is the precise move to win.} Rxc4 28. Rxd7) 27... Nc5 $16 28. Rde5 {Strongly threatening Rxe8+.} Nd3 (28... Red8 $16) 29. Rxe8+ $1 $18 Rxe8 {[%mdl 4096] Endgame KRN-KRN} 30. Rd5 Nc1 {[#]} (30... Ne1+ $16 31. Kf1 Nf3) 31. Ra5 $1 Re2 (31... Ne2 {was necessary.} 32. Rxa7 Rd8) 32. Rxa7 {Hoping for Nb6.} Rxa2 $2 (32... Nd3 33. Kf3 Re6) 33. Rxd7 {[%cal Rd7d8] White is clearly winning.} Ra8 34. Nb6 Re8 35. Rc7 {d7 is the strong threat.} Nxb3 {[#]} 36. Nd7+ $1 Kg8 {[#]} 37. Ne5 {Played: Nd7-f6} 1-0

[Event "IND-ch Women 2019"]
[Site "Karaikkudi"]
[Date "2019.07.26"]
[Round "10.3"]
[White "Divya Deshmukh"]
[Black "Michelle Catherina, P."]
[Result "1-0"]
[WhiteElo "2373"]
[BlackElo "2226"]
[Annotator "TA"]
[PlyCount "73"]
[EventDate "2019.07.19"]
[EventType "swiss"]
[EventCountry "IND"]
[SourceTitle "playchess.com"]
[Source "ChessBase"]
[SourceQuality "1"]

{[%evp 11,73,0,0,-32,15,-17,-16,-27,-20,-21,-18,-22,0,-74,-47,-48,-50,-51,-19,-32,-23,-35,-37,-18,0,0,0,0,0,-18,-22,-29,11,14,12,14,26,0,0,8,19,17,57,10,116,34,267,267,243,242,179,137,378,226,213,192,181,73,1171,1124,29987,29988,29991,29992]} 1. d4 Nf6 2. Bg5 e6 3. e4 h6 4. Bxf6 Qxf6 5. Nc3 Bb4 6. Qd2 c5 7. e5 {A45: Trompowsky Attack} Qd8 8. a3 (8. dxc5 Nc6 9. Nf3 Qa5 10. a3 b6 11. Bd3 Bxc3 12. Qxc3 Qxc3+ 13. bxc3 bxc5 14. Rb1 Ke7 {1-0 (55) Mamedyarov,S (2743)-Georgiev,K (2644) Dubai 2014}) 8... Bxc3 9. bxc3 {The position is equal.} d6 10. Nf3 O-O 11. Bd3 Nc6 {[%cal Bb8c6,Bc6e7,Be7d5][%mdl 32]} 12. Bb5 $146 (12. Qe3 $11) ({Predecessor:} 12. O-O dxe5 13. dxe5 c4 14. Be4 Qxd2 15. Nxd2 Nxe5 {½-½ (59) Asis Gargatagli,H (2236)-Lopez del Alamo,A (2268) Mondariz 2004}) 12... Qb6 13. a4 dxe5 14. dxe5 Rd8 15. Qe3 Ne7 16. Bd3 Qa5 17. O-O Bd7 18. Nd2 Nd5 19. Qe4 {And now Qh7+ would win.} g6 20. Nc4 Qxc3 21. Nd6 {[#] Black must now prevent Nxf7!} Qd4 22. Nxb7 {aiming for Qxd4.} Rdb8 23. Nd6 a5 24. Rfe1 (24. Qf3 $5 {[%cal Rf3f7]} Qf4 25. Qg3 $14) 24... Bc6 25. Qf3 $36 {[%mdl 2048] White fights for an advantage.} Qf4 26. Qh3 Ne7 27. Be4 Bd5 (27... Bxe4 $1 $11 28. Rxe4 Qd2) 28. g3 ({White should try} 28. Rad1 $16) 28... Qd2 $2 ({Better is} 28... Qxe5 $14 29. Bxd5 Qxd5) 29. Rad1 $18 Qg5 30. f4 Qh5 31. Qg2 {Threatens to win with c4.} Kg7 $2 (31... Rb2 $16 32. Qf2 (32. Bxd5 Nxd5 33. Nc4 Ra2 $14) 32... Rd8) 32. c4 (32. Rxd5 $142 Nxd5 33. Bf3 (33. Bxd5 exd5 34. Qxd5 {[%mdl 64] Double Attack} Ra7 $16) 33... Nxf4 34. Qf1 (34. gxf4 Qh4 $18)) 32... Bxe4 33. Nxe4 Rd8 {[#]} 34. Rb1 (34. Rd6 $1 $18 {is more deadly.}) 34... Rd4 $2 {[%mdl 8192]} (34... Rab8 $16) 35. Nf6 {[%mdl 64] Discovered Attack} Qf5 36. Qxa8 Rd2 37. Rb8 {Accuracy: White = 52%, Black = 30%.} 1-0

[Event "IND-ch Women 2019"]
[Site "Karaikkudi"]
[Date "2019.07.26"]
[Round "10.4"]
[White "Varshini, V."]
[Black "Pratyusha, Bodda"]
[Result "0-1"]
[WhiteElo "2087"]
[BlackElo "2265"]
[Annotator "TA"]
[PlyCount "102"]
[EventDate "2019.07.19"]
[EventType "swiss"]
[EventCountry "IND"]
[SourceTitle "playchess.com"]
[Source "ChessBase"]
[SourceQuality "1"]

{[%evp 14,102,6,8,23,0,0,-8,0,-6,0,-11,0,-2,0,-14,0,0,0,-11,-6,0,0,0,0,-14,0,0,0,0,0,0,0,-25,-17,-118,-119,-117,-71,-175,-195,-192,-180,-270,-264,-312,-312,-312,-280,-287,-284,-283,-283,-283,-281,-308,-290,-343,-325,-627,-482,-963,-888,-1310,-1204,-1513,-1307,-1757,-1209,-1163,-354,-519,0,-1150,-1118,-1881,-1769,-5402,-3185,-5465,-2587,-29987,-29988,-29988,-29989,-29997,-29998,-29998,-29999,-29999,-29999]} 1. e4 c6 2. d4 d5 3. Nc3 dxe4 4. Nxe4 Nf6 5. Nxf6+ exf6 6. Nf3 Bd6 7. Be2 O-O 8. O-O Qc7 {B15: Caro-Kann: 3 Nc3: 3...g6 and 3...dxe4 4 Nxe4 Nf6 5 Nxf6+ exf6} (8... Re8 9. c4 Nd7 10. Bd3 Nf8 11. h3 Ng6 12. Qc2 Qa5 13. c5 Bb8 14. Bd2 Qd8 15. Rfe1 Be6 16. Bc4 Nf8 {0-1 (47) Nepomniachtchi,I (2767)-Carlsen,M (2840) Doha 2016}) 9. c3 Re8 10. h3 Nd7 {[%cal Bb8d7,Bd7f8,Bf8g6][%mdl 32] The position is equal.} 11. Qc2 Nf8 12. Bd3 Ng6 13. Be3 $146 ({Predecessor:} 13. Bd2 Be6 14. Bf5 Qd7 15. Bxe6 fxe6 16. Rfe1 {1-0 (41) Kleinman,M (2289)-Ingvason,J (2121) Reykjavik 2017}) 13... Be6 14. Rfe1 Re7 15. c4 Qd7 16. Bf1 Rae8 17. Rad1 Bb8 18. Qc3 Qd6 {White must now prevent ...Nh4!} 19. g3 Bf5 20. d5 c5 $1 21. a3 h5 22. b4 b6 $1 23. Bd2 Be4 {Threatens to win with ...h4!} 24. Bg2 {[#]} (24. bxc5 $11 {remains equal.} bxc5 25. h4) 24... h4 $1 $17 {[%cal Rh4g3][%mdl 512]} 25. g4 (25. Nxh4 Nxh4) 25... Nf4 26. Bxf4 (26. bxc5 $17 {was called for.} bxc5 27. Ne5) 26... Qxf4 $19 27. Re3 {[#]} Bd6 $1 28. Kf1 (28. b5 {keeps fighting.}) 28... g5 ({Less strong is} 28... Bxf3 29. Rxf3 Qh2 30. Re3 $17) 29. Rde1 cxb4 30. axb4 Bxf3 31. Bxf3 Rxe3 {[%mdl 64] Overworked Piece} 32. Rxe3 Rxe3 33. Qxe3 Qxc4+ {[%mdl 64] Double Attack} 34. Kg2 Qxb4 35. Be4 a5 {[%cal Ba7a5,Ba5a4,Ba4a3][%mdl 32]} 36. Qf3 $2 (36. Bc2) 36... a4 {Strongly threatening ...a3.} 37. Qf5 (37. Bc2 $142 Kg7 38. Qe4) 37... a3 {aiming for ...a2.} 38. Qh7+ Kf8 39. Bf5 Qc5 40. Qh8+ Ke7 41. Qa8 Bc7 $2 (41... Qc4 42. Bh7 a2 43. Qa7+ Bc7 44. Qa3+ Kd7 45. Bf5+ Ke8 46. Qa8+ Ke7) 42. Be4 (42. Bb1 {was forced.}) 42... Bd6 (42... b5 $142 43. Bb1 Bd6 44. Qb7+ Kf8) 43. Bf5 b5 {[%cal Bb6b5,Bb5b4][%mdl 32]} 44. Qb7+ Kf8 45. Bd7 b4 46. Ba4 Bc7 47. Bb3 Bb6 {Black mates.} 48. Qb8+ Kg7 49. Kf3 Qxf2+ 50. Ke4 {[#]} Qe3+ $1 {[%mdl 64] Double Attack} 51. Kf5 Qf3+ {Accuracy: White = 15%, Black = 68%.} 0-1

[Event "IND-ch Women 2019"]
[Site "Karaikkudi"]
[Date "2019.07.26"]
[Round "10.5"]
[White "Nandhidhaa, P V"]
[Black "Meenakshi Subbaraman"]
[Result "1-0"]
[WhiteElo "2259"]
[BlackElo "2163"]
[Annotator "TA"]
[PlyCount "81"]
[EventDate "2019.07.19"]
[EventType "swiss"]
[EventCountry "IND"]
[SourceTitle "playchess.com"]
[Source "ChessBase"]
[SourceQuality "1"]

{[%evp 9,81,43,67,33,35,38,51,51,64,52,39,35,54,45,83,93,88,93,95,12,135,122,125,131,143,136,136,128,204,131,135,118,125,51,283,239,365,370,364,256,260,239,277,270,262,264,323,314,456,447,461,472,455,222,227,218,190,216,534,543,549,542,530,549,544,546,543,543,523,524,4915,4898,5214,5214]} 1. e4 d5 2. exd5 Qxd5 3. Nc3 Qd6 4. d4 Nf6 5. Nf3 g6 (5... Bg4 6. h3 Bh5 7. g4 Bg6 8. Ne5 Nbd7 9. Bf4 Nxe5 10. Bxe5 Qb6 11. Qf3 O-O-O 12. O-O-O e6 13. Bd3 Bb4 14. Bxg6 hxg6 {½-½ (55) Caruana,F (2828)-Moranda,W (2593) chess.com INT 2019}) 6. Bg5 {B01: Scandinavian Defence} Bg7 7. Qd2 a6 8. Bf4 {White is slightly better.} Qd8 9. O-O-O O-O 10. h4 Bg4 11. Be2 e6 $146 ({Predecessor:} 11... c5 12. h5 Bxh5 13. Bh6 {1-0 (51) Darini,P (2524)-Miroshnichenko,E (2616) Guilan 2016}) 12. Kb1 Nc6 13. Bh6 Re8 14. Ng1 (14. Bxg7 $16 Kxg7 15. Ne5 Bxe2 16. Nxe2) 14... e5 (14... Bxh6 $11 {remains equal.} 15. Qxh6 Bf5) 15. Bxg7 $16 Kxg7 16. d5 {And now Bxg4 would win.} Nd4 17. Bxg4 Nxg4 18. h5 $1 g5 (18... Nf5 $16) 19. f3 Nh6 20. Nh3 f6 21. f4 (21. Nf2 $16) 21... Nf7 $2 ({Black should play} 21... gxf4 $14 22. Nxf4 Qe7) 22. fxg5 Nxg5 (22... Nd6 $142 23. Rdf1 f5) 23. Nxg5 $18 fxg5 24. h6+ Kh8 25. Ne4 Qe7 26. c3 ({But not} 26. Nxg5 $6 Rg8 $16) ({Much less strong is} 26. Qxg5 $6 Qxg5 27. Nxg5 Nf5 $16) 26... Nf5 27. Nxg5 Rg8 28. Ne6 c6 (28... Rg6 $142 29. Qe2 c6 30. Qxe5+ Qf6 31. Qxf6+ Rxf6) 29. Rhf1 Nd6 30. Qe2 e4 31. Qh5 (31. Qe3 $142 {White threatens Qd4+ and mate.} Rg6 32. Qd4+ Kg8 33. Nf4 Rxh6 34. dxc6 bxc6 35. Nd5 $1 {[%mdl 512]} cxd5 36. Qxd5+ {[%mdl 64] Double Attack} Re6 37. Qxa8+ {[%mdl 64] Double Attack} Ne8 38. Rd8) 31... Rg6 32. Qe5+ Kg8 {[#] Hoping for ...cxd5.} 33. Qd4 $1 cxd5 $2 (33... Re8 {is tougher.} 34. Ng7 Rc8) 34. Nf4 {[%cal Be6f4,Bf4d5,Bd5f6][%mdl 96] Double Attack. White is clearly winning.} Rxh6 35. Nxd5 {[%cal Rd5e7]} Qg7 36. Nf6+ {[%mdl 64] Double Attack, Discovered Attack} Kh8 37. Qxd6 {Intending Qe5 and mate.} Rf8 {[#]} 38. Qxf8+ $1 {[%mdl 64] Deflection} Qxf8 39. Ng4 {[%mdl 64] Discovered Attack} Qe8 40. Nxh6 e3 {[#]} 41. Rd8 $1 {[%mdl 512] Accuracy: White = 60%, Black = 34%.} 1-0

[Event "IND-ch Women 2019"]
[Site "Karaikkudi"]
[Date "2019.07.26"]
[Round "10.6"]
[White "Vijayalakshmi, Subbaraman"]
[Black "Mrudul Dehankar"]
[Result "0-1"]
[WhiteElo "2357"]
[BlackElo "2074"]
[Annotator "TA"]
[PlyCount "52"]
[EventDate "2019.07.19"]
[EventType "swiss"]
[EventCountry "IND"]
[SourceTitle "playchess.com"]
[Source "ChessBase"]
[SourceQuality "1"]

{[%evp 10,64,16,-16,16,6,21,7,40,0,0,0,7,10,17,0,3,6,3,-27,-18,-28,-27,-27,0,-41,-40,-39,-37,-50,-55,-45,-29,-24,124,-108,-70,-460,-481,-479,-472,-470,-456,-450,-383,-450,-448,-535,-534,-692,-680,-748,-720,-816,-804,-29987,-29988]} 1. Nf3 Nf6 2. g3 b5 3. Bg2 Bb7 4. O-O e6 5. d4 Be7 6. Re1 a6 {A46: 1 d4 Nf6 2 Nf3 e6: Torre, London and Colle Systems} 7. Nbd2 d6 8. e4 Nbd7 {The position is equal.} 9. c3 O-O 10. b3 $146 ({Predecessor:} 10. e5 Nd5 11. Ne4 h6 12. h4 dxe5 13. dxe5 c5 14. b3 Qc7 15. Bb2 c4 16. bxc4 bxc4 17. Bc1 Rad8 18. Qc2 Bc6 19. a4 Nxe5 20. Nxe5 Qxe5 21. Ng5 Qxe1+ {0-1 (21) Agababean,N (2216)-Pelletier,Y (2581) playchess.com INT 2004}) 10... c5 11. Bb2 Re8 12. Qe2 cxd4 13. cxd4 Rc8 14. e5 Nd5 15. Ne4 dxe5 16. dxe5 Nc5 17. Nd6 Bxd6 18. exd6 Qxd6 19. Rad1 Qe7 20. Nd4 {Black must now prevent Bxd5.} Rcd8 21. h4 e5 (21... Rd7 $11) 22. Nc2 $2 (22. Nf5 $16 {is forced if you want to stay better.} Qf8 23. Bxd5 Bxd5 24. Ba3) 22... f6 $36 {[%mdl 2048] Black fights for an advantage.} 23. Ba3 $2 {[%mdl 8192]} ({White should try} 23. a4 $1 $15) 23... Nc3 $1 $19 {[%csl LRa2,LRd1,LRe2][%mdl 64] [#] Double Attack} 24. Qh5 {Threatens to win with Bxc5.} Nxd1 25. Bxb7 Qxb7 26. Bxc5 Nc3 {Played: Qb7-c7} 0-1

[Event "IND-ch Women 2019"]
[Site "Karaikkudi"]
[Date "2019.07.26"]
[Round "10.7"]
[White "Soumya, Swaminathan"]
[Black "Bala Kannamma P"]
[Result "0-1"]
[WhiteElo "2402"]
[BlackElo "2051"]
[Annotator "TA"]
[PlyCount "50"]
[EventDate "2019.07.19"]
[EventType "swiss"]
[EventCountry "IND"]
[SourceTitle "playchess.com"]
[Source "ChessBase"]
[SourceQuality "1"]

{[%evp 22,152,45,20,51,54,58,37,83,75,74,81,93,89,112,67,75,66,131,0,4,-53,-57,-99,-106,-139,-53,-95,-77,-144,-132,-128,-119,-154,-152,-164,-162,-162,-162,-147,-149,-141,-142,-146,-139,-139,-143,-145,-142,-133,-140,-158,-145,-151,-113,-110,-124,-124,-127,-218,-218,-221,-219,-322,-307,-319,-318,-325,-299,-300,-264,-295,-232,-243,-212,-206,-166,-256,-225,-318,-318,-309,-285,-293,-293,-271,-252,-218,-210,-210,-202,-440,-440,-529,-525,-466,-440,-824,-747,-1384,-1096,-1247,-1348,-4710,-4590,-4495,-4590,-29965,-29966,-29963,-11711,-5591,-2649,-29976,-29977,-29974,-29975,-29980,-29981,-29982,-29982,-29983,-29984,-29985,-29986,-29994,-29985,-29994,-29987,-29989,-29990,-29990,-29991]} 1. e4 c5 2. Nf3 a6 3. c3 d5 4. exd5 Qxd5 5. d4 e6 6. Be3 cxd4 7. cxd4 Nf6 8. Nc3 Qd6 9. Bd3 Nc6 10. O-O Be7 11. a3 O-O 12. Qc2 h6 {B22: Sicilian: 2 c3} (12... g6 13. Rad1 Bd7 14. Ne4 Nxe4 15. Bxe4 f5 16. Bd3 Rac8 17. Qe2 Bf6 18. g3 Ne7 19. Bh6 Rfe8 20. Rfe1 Ba4 21. Rc1 Rxc1 22. Bxc1 {1-0 (42) Kramnik,V (2715)-Polgar,J (2630) Monte Carlo 1995}) 13. Rad1 Nd5 14. Bc1 Nxc3 $146 {White is slightly better.} ({Predecessor:} 14... b5 15. Rfe1 Bb7 16. Nxd5 exd5 17. Qe2 Bc8 18. Bb1 Bg4 19. Qd3 Qg6 20. Qxg6 fxg6 {1-0 (35) Belousov,D (2335)-Tereshechkina,M (2081) Kaluga 2012}) 15. bxc3 b5 16. Qe2 Bb7 17. Rfe1 $1 Qd5 18. c4 bxc4 19. Bxc4 Qa5 (19... Qh5 $1 $14) 20. Qd3 (20. d5 $16 exd5 21. Bxd5 (21. Rxd5 Qb6 $16)) 20... Bf6 21. Ba2 (21. Bd2 $11 Qc7 22. d5 exd5 23. Bxd5) 21... Rfd8 $15 22. Be3 Ne7 $1 23. Bf4 Qf5 ({Better is} 23... Nf5 $1 $17 24. Bd2 Qb5) 24. Qe3 Bxf3 25. gxf3 (25. Qxf3 $142 g5 26. Re4) 25... Qg6+ {Played: Ne7-d5} 0-1

[Event "IND-ch Women 2019"]
[Site "Karaikkudi"]
[Date "2019.07.26"]
[Round "10.8"]
[White "Srija, Seshadri"]
[Black "Sharma Isha"]
[Result "1-0"]
[WhiteElo "2306"]
[BlackElo "2188"]
[Annotator "TA"]
[PlyCount "71"]
[EventDate "2019.07.19"]
[EventType "swiss"]
[EventCountry "IND"]
[SourceTitle "playchess.com"]
[Source "ChessBase"]
[SourceQuality "1"]

{[%evp 21,71,25,22,28,28,15,33,0,3,0,120,119,180,181,244,256,257,262,259,260,259,254,356,356,415,401,411,402,418,403,415,403,478,420,520,540,528,504,685,668,622,659,947,938,937,929,918,906,1077,1080,1411,1400]} 1. e4 e5 2. Nf3 Nc6 3. Bb5 a6 4. Ba4 Nf6 5. d3 b5 6. Bb3 Be7 7. c3 d6 8. O-O O-O 9. a4 Bb7 10. Re1 Nb8 11. Nbd2 Nbd7 12. Nf1 {C88: Closed Ruy Lopez: Anti-Marshall Systems} Re8 (12... Nc5 13. Bc2 Nxa4 14. Bxa4 bxa4 15. Qxa4 h6 16. Ne3 Re8 17. Nc4 Bf8 18. Na5 Bc8 19. Nc6 Qd7 20. h3 Re6 21. c4 Qe8 22. Nb4 Bd7 23. Qd1 Bc8 24. Qa4 Bd7 25. Qd1 Bc8 {½-½ (25) Karjakin,S (2786)-Kamsky,G (2741) Loo 2013}) 13. Ng3 Bf8 14. Ng5 {White is slightly better.} d5 $146 ({Predecessor:} 14... Re7 15. Nf5 d5 16. Nxe7+ Bxe7 17. exd5 Nxd5 18. Qh5 Bxg5 19. Bxg5 Qe8 20. d4 e4 21. Qh4 N5f6 22. Re3 h6 23. Bxh6 bxa4 24. Rg3 axb3 25. Bxg7 Nh7 26. Bf6+ {1-0 (26) Nikitinyh,B (2138)-Babanin,G (1883) St Petersburg 2014}) 15. exd5 {Black must now prevent d6!} h6 {[#]} (15... Nc5 $1 $11 {remains equal.}) 16. Ne6 $1 $16 {[%mdl 512]} Qc8 (16... fxe6 $16 17. dxe6 Kh8) 17. Nxf8 $18 Kxf8 (17... Nxf8 $142 18. c4 bxc4 19. dxc4 c6) 18. Qf3 Nb6 {[%cal Rb7d5]} 19. c4 Qg4 20. Qxg4 ({Don't play} 20. axb5 $6 Qxf3 21. gxf3 axb5 $16) 20... Nxg4 21. Ne4 f5 (21... Nxa4 {was called for.} 22. Bxa4 bxa4 23. Rxa4 Bc8) 22. Nc5 ({Not} 22. axb5 fxe4 23. c5 Nxd5 $14) 22... Bc8 23. a5 Nd7 24. Ne6+ Rxe6 25. dxe6 Nc5 26. Bc2 Nxe6 27. h3 Nd4 28. Bd1 {White is clearly winning.} ({Worse is} 28. hxg4 Nxc2 29. Bd2 bxc4 $11) 28... Nf6 29. Rxe5 Rb8 30. Be3 Nc6 31. Rc5 Nb4 32. Rxc7 Nxd3 33. Ba7 Ra8 34. Bf3 Ne4 35. cxb5 axb5 36. Rd1 {Accuracy: White = 79%, Black = 48%.} 1-0

[Event "IND-ch Women 2019"]
[Site "Karaikkudi"]
[Date "2019.07.26"]
[Round "10.9"]
[White "Mohota, Nisha"]
[Black "Jain Nityata"]
[Result "1-0"]
[WhiteElo "2221"]
[BlackElo "2135"]
[Annotator "TA"]
[PlyCount "65"]
[EventDate "2019.07.19"]
[EventType "swiss"]
[EventCountry "IND"]
[SourceTitle "playchess.com"]
[Source "ChessBase"]
[SourceQuality "1"]

{[%evp 17,65,8,16,0,7,0,0,0,0,0,0,0,88,104,193,202,417,429,484,528,558,564,505,473,473,462,466,394,997,973,824,568,584,582,587,579,570,560,895,802,796,782,739,641,630,626,836,822,29991,29992]} 1. d4 Nf6 2. c4 g6 3. Nc3 d5 4. cxd5 Nxd5 5. e4 Nxc3 6. bxc3 Bg7 7. Bc4 O-O 8. Ne2 Nc6 9. O-O b6 10. f4 {D86: Exchange Grünfeld: Classical Line (7 Bc4)} (10. Be3 Bb7 11. Qd2 Na5 12. Bd3 c5 13. Rac1 e6 {0-1 (13) Swiercz,D (2584)-Bartel,M (2653) Warsaw 2011}) 10... Bb7 11. f5 Na5 12. Bd3 {The position is equal.} c5 {[%cal Rc5d4]} 13. Be3 $146 ({Predecessor:} 13. fxg6 hxg6 14. e5 cxd4 15. cxd4 Nc6 16. Be4 Qd7 17. Bf3 Rad8 {1-0 (50) Buitrago,J (2169)-Schneider Zinner,W (2043) Cali 2008}) 13... Rc8 14. d5 Qd7 (14... e6 $1 $11 {keeps the balance.} 15. dxe6 fxe6 16. fxg6 Rxf1+ 17. Qxf1 hxg6) 15. Rb1 $16 c4 (15... Rcd8 $16) 16. Bc2 $18 gxf5 $2 (16... Rcd8 17. Bd4 Qd6) 17. Rxf5 e6 18. Rh5 exd5 19. exd5 Rfe8 20. Bxh7+ Kf8 21. Bf4 Rcd8 {...Qg4 is the strong threat.} 22. Nd4 f6 $2 (22... Bxd5 23. Nf5 Be4) 23. d6 Be4 24. Rc1 Nc6 {[%cal Ba5c6,Bc6e5,Be5d3][%mdl 32]} 25. Bf5 Bxf5 26. Nxf5 Ne5 27. Rb1 Nd3 28. Qg4 {Strongly threatening Bh6.} Re4 {[#]} 29. Rh8+ $1 {[%mdl 576] Deflection} Bxh8 30. Bh6+ {[%mdl 64] Discovered Attack} Kf7 31. Qxe4 Qe6 32. Qg4 {Threatening mate with Qh5+.} Ke8 33. Ng7+ {[%mdl 64] Double Attack. Accuracy: White = 63%, Black = 29%.} 1-0